000 00768nam a2200205Ia 4500
003 GCL
008 140319s9999 xx 000 0 ara d
020 _a0149322977
040 _aGCL /
_cGCL
082 0 4 _a940.18
_bم ع
100 1 _aمحمد مؤنس عوض
245 1 0 _aعالم الحروب الصليبية :
_bبحوث ودراسات /
_cمحمد مؤنس عوض
250 _aالاولى
260 _aالقاهرة :
_bعين للدراسات والبحوث الانسانية والاجتماعية ،
_c2005
300 _a280 ص ؛
_c24 سم
650 0 4 _aالحروب الصليبية
650 0 4 _aالحروب الصليبية فى فلسطين والشام
650 0 4 _aاوربا - تاريخ - العصور الوسطى
942 _2ddc
_cBK
999 _c57448
_d57448